[Event "SR 2. liga A 2013/2014"]
[Site "?"]
[Date "2014.02.23"]
[Round "9.5"]
[White "Biro, Karol"]
[Black "Dugovic, Branislav"]
[Result "0-1"]
[WhiteElo "2190"]
[BlackElo "2175"]
[PlyCount "58"]
[EventDate "2013.??.??"]

1. c4 b6 2. Nc3 e6 3. e4 Bb7 4. Nf3 Bb4 5. Bd3 Ne7 6. O-O O-O 7. a3 Bxc3 8.
bxc3 f5 9. Re1 Na6 10. Bc2 fxe4 11. Bxe4 Bxe4 12. Rxe4 Nc5 13. Rg4 Nd3 14. Qe2
Nf4 15. Qe3 Nfg6 16. d4 Nf5 17. Qe4 Nd6 18. Qe2 Rf5 19. Bd2 Qf6 20. Ne5 Nxe5
21. dxe5 Qxe5 22. Qd3 Raf8 23. Be3 Qf6 24. Re1 e5 25. f3 Qf7 26. c5 bxc5 27.
Bxc5 e4 28. Qe3 exf3 29. gxf3 Re8 0-1

[Event "SR 2. liga A 2013/2014"]
[Site "?"]
[Date "2014.02.23"]
[Round "9.5"]
[White "Mydlarik, Martin"]
[Black "Kebis, Milos"]
[Result "1-0"]
[WhiteElo "2112"]
[BlackElo "1997"]
[PlyCount "43"]
[EventDate "2013.??.??"]

1. e4 e5 2. Nf3 Nc6 3. Bb5 Nf6 4. O-O d6 5. d4 exd4 6. Nxd4 Bd7 7. Nc3 Be7 8.
Nxc6 bxc6 9. Bd3 O-O 10. h3 Re8 11. Be3 h6 12. f4 Bf8 13. Qd2 c5 14. Rae1 Bc6
15. Bf2 Qb8 16. e5 Nd7 17. Bf5 Nb6 18. e6 Qb7 19. exf7+ Kxf7 20. Bh7 Rxe1 21.
Rxe1 g6 22. Qd3 1-0

[Event "SR 2. liga A 2013/2014"]
[Site "?"]
[Date "2014.02.23"]
[Round "9.5"]
[White "Mandak, Miroslav"]
[Black "Mruskovic, Radoslav"]
[Result "1-0"]
[WhiteElo "2008"]
[BlackElo "1985"]
[PlyCount "67"]
[EventDate "2013.??.??"]

1. e4 c5 2. Nf3 Nc6 3. Bb5 g6 4. O-O Bg7 5. Re1 Nf6 6. c3 O-O 7. d4 cxd4 8.
cxd4 d5 9. e5 Ne4 10. Nc3 Nxc3 11. bxc3 Bd7 12. Bxc6 Bxc6 13. Bf4 Qa5 14. Qd2
Rac8 15. Bh6 Bd7 16. Bxg7 Kxg7 17. Re3 Rc4 18. e6 Bxe6 19. Ng5 Rc6 20. Rae1 Qa6
21. h4 h6 22. Nf3 Qa3 23. c4 Qd6 24. Ne5 dxc4 25. Nxc6 Qxc6 26. Qc3 Bd5 27.
Rxe7 Bxg2 28. d5+ Qf6 29. Qxf6+ Kxf6 30. Kxg2 b5 31. Re8 Rxe8 32. Rxe8 c3 33.
d6 c2 34. Re1 1-0

[Event "SR 2. liga A 2013/2014"]
[Site "?"]
[Date "2014.02.23"]
[Round "9.5"]
[White "Sustak, Roman"]
[Black "Faltan, Peter"]
[Result "1-0"]
[WhiteElo "1887"]
[BlackElo "1988"]
[PlyCount "83"]
[EventDate "2013.??.??"]

1. Nf3 Nf6 2. d4 d5 3. c4 e6 4. Nc3 c6 5. Bg5 Be7 6. e3 O-O 7. Bd3 Nbd7 8. O-O
h6 9. Bh4 dxc4 10. Bxc4 Nd5 11. Bxe7 Qxe7 12. a3 N5b6 13. Ba2 e5 14. Rc1 exd4
15. Nxd4 Nf6 16. Qc2 Kh8 17. Nce2 Nbd5 18. Ng3 g6 19. Rfe1 Kh7 20. h3 Bd7 21.
Bb1 Qe5 22. Nf3 Qc7 23. Nh4 Rg8 24. b4 Rae8 25. e4 Nf4 26. Nf3 Qc8 27. Qc3 N6h5
28. Nxh5 Nxh5 29. Rcd1 Re7 30. Rd6 Rge8 31. e5 Nf4 32. Qd2 Nh5 33. Qd4 a6 34.
Qh4 Bf5 35. Ba2 Be6 36. Bb1 Bf5 37. Ba2 Be6 38. Bxe6 Rxe6 39. Red1 Kg7 40. Rd7
Rh8 41. Qc4 g5 42. Qxe6 1-0

[Event "SR 2. liga A 2013/2014"]
[Site "?"]
[Date "2014.02.23"]
[Round "9.5"]
[White "Mikulasek, Viktor"]
[Black "Hlubovic, Michal"]
[Result "1-0"]
[WhiteElo "1873"]
[BlackElo "1782"]
[PlyCount "91"]
[EventDate "2013.??.??"]

1. e4 d6 2. d4 Nf6 3. Nc3 e5 4. dxe5 dxe5 5. Qxd8+ Kxd8 6. Bg5 c6 7. Nf3 Bd6 8.
O-O-O Kc7 9. h3 Be6 10. a3 Nbd7 11. Bh4 h6 12. g4 g5 13. Bg3 Ng8 14. Nd2 b5 15.
Be2 Ne7 16. Nf1 Bc5 17. Ne3 Bxe3+ 18. fxe3 Rad8 19. Rd2 Nc8 20. Rhd1 Ncb6 21.
b3 a5 22. Kb2 f6 23. Rf1 Rhf8 24. Rdd1 Rb8 25. Rf2 Nc5 26. Rxf6 Nbd7 27. Rxh6
b4 28. axb4 axb4 29. Na4 Nxa4+ 30. bxa4 Rfe8 31. Rh7 Kd8 32. a5 Ra8 33. a6 Kc8
34. Rd6 Kc7 35. Bxe5 Kd8 36. Bg3 c5 37. Bb5 Ra7 38. Rh6 Bg8 39. e5 c4 40. e6
Rf8 41. Bxc4 Rc7 42. Bb3 Rf3 43. Rxd7+ Rxd7 44. exd7 Bxb3 45. Kxb3 Rxe3+ 46.
Kxb4 1-0

[Event "SR 2. liga A 2013/2014"]
[Site "?"]
[Date "2014.02.23"]
[Round "9.5"]
[White "Petrakovic, Kamil"]
[Black "Rathousky, Karol"]
[Result "0-1"]
[WhiteElo "1828"]
[BlackElo "1795"]
[PlyCount "64"]
[EventDate "2013.??.??"]

1. e4 e5 2. Nf3 d6 3. Bc4 Be7 4. Nc3 Nf6 5. Be2 Nc6 6. O-O O-O 7. d4 exd4 8.
Nxd4 Bd7 9. Nf3 a6 10. h3 Ne5 11. Bf4 Ng6 12. Be3 b5 13. a3 Qc8 14. Nh2 Bc6 15.
f3 Nh5 16. Qe1 Nhf4 17. Ng4 h5 18. Nf2 Bh4 19. Qd2 Bg3 20. Nd5 Bxd5 21. exd5
Re8 22. Bd1 Qf5 23. Bxf4 Bxf4 24. Qd3 Qe5 25. c3 Be3 26. Bc2 Qg3 27. Qxe3 Rxe3
28. Bxg6 Qxg6 29. Ne4 f5 30. Nd2 Re2 31. Rf2 Rae8 32. Nb3 Qg3 0-1

[Event "SR 2. liga A 2013/2014"]
[Site "?"]
[Date "2014.02.23"]
[Round "9.6"]
[White "Sosovicka, Juraj"]
[Black "Gabris, Ondrej"]
[Result "1/2-1/2"]
[WhiteElo "2188"]
[BlackElo "2243"]
[PlyCount "38"]
[EventDate "2013.??.??"]

1. e4 c5 2. Nf3 g6 3. d4 cxd4 4. Nxd4 Nc6 5. c4 Bg7 6. Be3 Nf6 7. Nc3 Ng4 8.
Qxg4 Nxd4 9. Qd1 e5 10. Be2 O-O 11. O-O d6 12. Qd2 a6 13. Nd5 Be6 14. Bd3 Rc8
15. Rac1 Bxd5 16. cxd5 Qb6 17. Rxc8 Rxc8 18. Rc1 Rc5 19. Rxc5 Qxc5 1/2-1/2

[Event "SR 2. liga A 2013/2014"]
[Site "?"]
[Date "2014.02.23"]
[Round "9.6"]
[White "Madar, Martin"]
[Black "Zatko, Gregor"]
[Result "1-0"]
[WhiteElo "2135"]
[BlackElo "2188"]
[PlyCount "105"]
[EventDate "2013.??.??"]

1. e4 e5 2. Nf3 Nc6 3. Nc3 g6 4. d4 exd4 5. Nxd4 Bg7 6. Be3 Nge7 7. Bc4 O-O 8.
Qd2 Ne5 9. Be2 d5 10. Bh6 Bxh6 11. Qxh6 c5 12. Nb3 d4 13. O-O-O Be6 14. Nxc5
Bxa2 15. Nxa2 Qa5 16. Rxd4 Qxc5 17. Qe3 Rac8 18. Rd2 Qa5 19. Qa3 Qc7 20. Qd6
Qa5 21. Qa3 Qc7 22. Nc3 N5c6 23. Nd5 Qe5 24. f4 Qe6 25. Bc4 Nxd5 26. Bxd5 Qf6
27. g3 b5 28. e5 Qf5 29. Bxc6 Rxc6 30. Qd3 Qc8 31. Kb1 Qa6 32. Rhd1 Rfc8 33.
Qb3 Rc4 34. Rd8+ Rxd8 35. Rxd8+ Kg7 36. Qa3 Qxa3 37. bxa3 Re4 38. Rd7 a5 39.
Ra7 a4 40. Rb7 g5 41. Rxb5 gxf4 42. gxf4 Rxf4 43. Rb4 Rf5 44. Rxa4 Rxe5 45. Rd4
f5 46. a4 Kf6 47. Kb2 Rc5 48. c4 Ke5 49. Rd5+ Rxd5 50. cxd5 f4 51. Kc3 h5 52.
Kd3 Kxd5 53. Ke2 1-0

[Event "SR 2. liga A 2013/2014"]
[Site "?"]
[Date "2014.02.23"]
[Round "9.6"]
[White "Oprea, Erik"]
[Black "Gazi, Mikulas"]
[Result "1/2-1/2"]
[WhiteElo "2130"]
[BlackElo "2108"]
[PlyCount "153"]
[EventDate "2013.??.??"]

1. e4 c5 2. d4 cxd4 3. c3 dxc3 4. Nxc3 Nc6 5. Be3 e6 6. Qd2 Bb4 7. a3 Bxc3 8.
Qxc3 Qa5 9. b4 Qe5 10. Qxe5 Nxe5 11. Bd4 f6 12. f4 Nf7 13. Nf3 Ne7 14. Bd3 d6
15. O-O Bd7 16. Rac1 Nc6 17. Bb2 Ke7 18. b5 Na5 19. e5 Rac8 20. a4 Nb3 21.
exd6+ Nxd6 22. Rxc8 Nxc8 23. Ba3+ Kf7 24. Rb1 Na5 25. Bb4 b6 26. Rc1 g6 27. Rc7
Ke8 28. Be4 Kd8 29. Rc3 Rg8 30. Nd4 Ne7 31. Rc1 Nd5 32. Bxa5 bxa5 33. Nxe6+
Bxe6 34. Bxd5 Bxd5 35. Rd1 Kc7 36. Rxd5 Re8 37. Rc5+ Kb7 38. Rc4 f5 39. Kf2 a6
40. bxa6+ Kxa6 41. Rc6+ Kb7 42. Rc5 Kb6 43. Rb5+ Ka6 44. Re5 Rxe5 45. fxe5 Kb6
46. Ke3 Kc5 47. Kf4 Kd5 48. h4 Ke6 49. Kg5 Kxe5 50. Kh6 f4 51. Kxh7 Kf5 52. Kg7
Kg4 53. Kxg6 Kxh4 54. Kf5 Kg3 55. Kg5 f3 56. gxf3 Kxf3 57. Kf5 Kg3 58. Ke5 Kg4
59. Ke4 Kg5 60. Ke5 Kg6 61. Ke6 Kg5 62. Ke5 Kg6 63. Kd5 Kf6 64. Kd6 Kf7 65. Kd7
Kf6 66. Kc7 Ke7 67. Kc6 Kd8 68. Kb7 Kd7 69. Kb6 Kc8 70. Ka7 Kc7 71. Ka6 Kb8 72.
Kxa5 Kc7 73. Kb5 Kb7 74. a5 Ka7 75. a6 Kb8 76. Kb6 Ka8 77. a7 1/2-1/2

[Event "SR 2. liga A 2013/2014"]
[Site "?"]
[Date "2014.02.23"]
[Round "9.6"]
[White "Janos, Ivan"]
[Black "Hricak, Vasil"]
[Result "1-0"]
[WhiteElo "2105"]
[BlackElo "2118"]
[PlyCount "51"]
[EventDate "2013.??.??"]

1. e4 c5 2. Nf3 Nc6 3. d4 cxd4 4. Nxd4 Nf6 5. Nc3 g6 6. Nxc6 bxc6 7. e5 Ng8 8.
Bc4 Bg7 9. Qf3 f6 10. O-O f5 11. Re1 e6 12. Bf4 Ne7 13. Rad1 Nd5 14. Nxd5 cxd5
15. Bxd5 Rb8 16. Bxe6 Qe7 17. Bxd7+ Bxd7 18. e6 Bxe6 19. Bd6 Qd7 20. Bxb8 Qc8
21. Qb3 Kf7 22. Rxe6 Qxe6 23. Rd7+ Kf6 24. Qc3+ Kg5 25. Bf4+ Kxf4 26. Qg3+ 1-0

[Event "SR 2. liga A 2013/2014"]
[Site "?"]
[Date "2014.02.23"]
[Round "9.6"]
[White "Sosovicka, Matej"]
[Black "Michal, Silvio"]
[Result "1-0"]
[WhiteElo "2098"]
[BlackElo "2095"]
[PlyCount "73"]
[EventDate "2013.??.??"]

1. e4 Nf6 2. e5 Nd5 3. d4 d6 4. Nf3 Nb6 5. Be2 g6 6. O-O Bg7 7. exd6 cxd6 8. a4
d5 9. Re1 O-O 10. Na3 Nc6 11. c3 Bg4 12. Bf4 Rc8 13. Nc2 e6 14. Ne3 Bxf3 15.
Bxf3 Na5 16. Ng4 Nbc4 17. Qe2 Qb6 18. Rab1 Qb3 19. Nh6+ Kh8 20. Bg5 Qb6 21. b4
Nc6 22. Nxf7+ Rxf7 23. Qxe6 Rcf8 24. Bxd5 Nxd4 25. Qxb6 Nxb6 26. Bxf7 Rxf7 27.
Re8+ Rf8 28. Rxf8+ Bxf8 29. Bf6+ Bg7 30. Bxg7+ Kxg7 31. cxd4 Nxa4 32. Ra1 b5
33. f4 Kf6 34. Kf2 Kf5 35. Kf3 h5 36. Rc1 a6 37. d5 1-0

[Event "SR 2. liga A 2013/2014"]
[Site "?"]
[Date "2014.02.23"]
[Round "9.6"]
[White "Srna, Jan"]
[Black "Prikler, Bruno"]
[Result "0-1"]
[WhiteElo "1960"]
[BlackElo "2090"]
[PlyCount "70"]
[EventDate "2013.??.??"]

1. d4 d6 2. Nf3 Nf6 3. b3 g6 4. Bb2 Bg7 5. e3 O-O 6. Be2 Nbd7 7. O-O c6 8. c4
a5 9. Nc3 Qc7 10. Rc1 Re8 11. a3 e5 12. h3 Nb6 13. Re1 exd4 14. exd4 d5 15. c5
Nbd7 16. b4 axb4 17. axb4 Nh5 18. Bf1 Rxe1 19. Qxe1 Ndf6 20. Ra1 Rxa1 21. Qxa1
h6 22. b5 Be6 23. b6 Qc8 24. Bc1 g5 25. Ne5 Ne4 26. Be2 Nf4 27. Bxf4 gxf4 28.
Nxe4 dxe4 29. Qc1 Qd8 30. Qd1 f3 31. gxf3 Bxh3 32. f4 Qh4 33. Bg4 e3 34. Bxh3
Qxf2+ 35. Kh1 e2 0-1

[Event "SR 2. liga A 2013/2014"]
[Site "?"]
[Date "2014.02.23"]
[Round "9.6"]
[White "Ochrana, Ladislav"]
[Black "Feder, Marek"]
[Result "1-0"]
[WhiteElo "2045"]
[BlackElo "1874"]
[PlyCount "71"]
[EventDate "2013.??.??"]

1. d4 Nf6 2. Nf3 g6 3. Ne5 d6 4. Nd3 Bg7 5. f3 O-O 6. e4 e5 7. dxe5 dxe5 8. Bg5
Nc6 9. Nc3 h6 10. Bh4 g5 11. Bg3 Nh5 12. Bf2 Nf4 13. Qd2 b6 14. O-O-O Be6 15.
h4 Na5 16. hxg5 hxg5 17. g3 Ng6 18. Be3 f6 19. Qh2 Qe7 20. Bh3 Kf7 21. Bxe6+
Qxe6 22. f4 exf4 23. gxf4 gxf4 24. Nxf4 Nxf4 25. Qxf4 Rac8 26. Rh7 Rh8 27. Rxh8
Bxh8 28. Qh6 Bg7 29. Qh5+ Kf8 30. Bh6 c6 31. Bxg7+ Kxg7 32. Rg1+ Kf8 33. Qh8+
Ke7 34. Rg7+ Kd6 35. Qh2+ Qe5 36. Qd2+ 1-0

[Event "SR 2. liga A 2013/2014"]
[Site "?"]
[Date "2014.03.15"]
[Round "10.1"]
[White "Janos, Ivan"]
[Black "Certek, Pavel"]
[Result "0-1"]
[WhiteElo "2105"]
[BlackElo "2286"]
[PlyCount "120"]
[EventDate "2013.??.??"]

1. e4 c5 2. a3 g6 3. b4 Bg7 4. Nc3 d6 5. Nf3 Nf6 6. Rb1 O-O 7. b5 d5 8. exd5
Nxd5 9. Nxd5 Qxd5 10. Be2 b6 11. O-O Bb7 12. Rb3 Qd8 13. Bb2 Bxb2 14. Rxb2 Nd7
15. Rb3 e5 16. Ne1 Nf6 17. f4 Qd4+ 18. Kh1 exf4 19. Nf3 Qd6 20. Qa1 Be4 21. Bd3
Bd5 22. c4 Bb7 23. Bb1 Nh5 24. Rd3 Qf6 25. Qxf6 Nxf6 26. Rd6 Kg7 27. d4 cxd4
28. Rxd4 Rad8 29. Rxf4 Nh5 30. Rh4 Rfe8 31. Kg1 Re7 32. Kf2 Nf6 33. h3 Red7 34.
Re1 Rd1 35. Rf4 Nh5 36. Rg4 Bxf3 37. gxf3 R8d2+ 38. Kf1 Nf6 39. Rg3 Rxe1+ 40.
Kxe1 Rb2 41. Bd3 Rb3 42. Kd2 Rxa3 43. Rg1 Nd7 44. Be4 Ne5 45. Bd5 Kf6 46. Kc2
Nd3 47. Rd1 Nb4+ 48. Kb2 Rd3 49. Rxd3 Nxd3+ 50. Kc3 Nf4 51. Kd4 Nxh3 52. c5
bxc5+ 53. Kxc5 Nf4 54. Bc4 h5 55. Kc6 h4 56. Kb7 h3 57. Kxa7 h2 58. b6 h1=Q 59.
b7 Qg1+ 60. Ka6 Qa1+ 0-1

[Event "SR 2. liga A 2013/2014"]
[Site "?"]
[Date "2014.03.15"]
[Round "10.1"]
[White "Kleman, Miroslav"]
[Black "Syrovy, Ivan"]
[Result "1/2-1/2"]
[WhiteElo "2188"]
[BlackElo "2029"]
[PlyCount "20"]
[EventDate "2013.??.??"]

1. e4 c5 2. d4 cxd4 3. c3 dxc3 4. Nxc3 Nc6 5. Nf3 d6 6. Bc4 e6 7. O-O Be7 8.
Qe2 a6 9. Rd1 Qc7 10. Bf4 Nf6 1/2-1/2

[Event "SR 2. liga A 2013/2014"]
[Site "?"]
[Date "2014.03.15"]
[Round "10.1"]
[White "Hartl, Jan"]
[Black "Janos, Jozef"]
[Result "1/2-1/2"]
[WhiteElo "2094"]
[BlackElo "2123"]
[PlyCount "22"]
[EventDate "2013.??.??"]

1. e4 c5 2. Nf3 e6 3. c3 Nf6 4. e5 Nd5 5. d4 d6 6. Bb5+ Bd7 7. Bxd7+ Nxd7 8.
O-O dxe5 9. dxe5 Qc7 10. c4 Nb4 11. Re1 Nc6 1/2-1/2

[Event "SR 2. liga A 2013/2014"]
[Site "?"]
[Date "2014.03.15"]
[Round "10.1"]
[White "Tepper, Frantisek"]
[Black "Srna, Jan"]
[Result "1/2-1/2"]
[WhiteElo "2153"]
[BlackElo "1960"]
[PlyCount "24"]
[EventDate "2013.??.??"]

1. e4 e6 2. d4 d5 3. exd5 exd5 4. Bd3 Bd6 5. Qf3 Ne7 6. Ne2 Nbc6 7. c3 Be6 8.
Nf4 Qd7 9. Nxe6 Qxe6+ 10. Be3 O-O-O 11. Nd2 f5 12. Qh3 g5 1/2-1/2

[Event "SR 2. liga A 2013/2014"]
[Site "?"]
[Date "2014.03.15"]
[Round "10.1"]
[White "Fuchs, Ladislav"]
[Black "Fabry, Robert"]
[Result "0-1"]
[WhiteElo "1921"]
[BlackElo "2132"]
[PlyCount "64"]
[EventDate "2013.??.??"]

1. e4 e5 2. Nf3 Nc6 3. Bb5 a6 4. Ba4 Nf6 5. O-O Be7 6. Re1 b5 7. Bb3 O-O 8. c3
d5 9. exd5 Nxd5 10. Nxe5 Nxe5 11. Rxe5 c6 12. d4 Bd6 13. Re1 Qh4 14. g3 Qh3 15.
Qd3 Bg4 16. Be3 Rae8 17. Nd2 Re6 18. Qf1 Qh5 19. Bxd5 cxd5 20. f4 Rfe8 21. Qf2
Qf5 22. Nf1 h5 23. Qd2 Bf3 24. Qf2 Bg4 25. Rac1 Bh3 26. Bd2 Qd3 27. Ne3 Bxf4
28. gxf4 Rg6+ 29. Kh1 Qe4+ 30. Ng2 Bxg2+ 31. Kg1 Bh3+ 32. Qg3 Rxg3+ 0-1

[Event "SR 2. liga A 2013/2014"]
[Site "?"]
[Date "2014.03.15"]
[Round "10.1"]
[White "Mikulas, Dusan"]
[Black "Pekar, Jozef"]
[Result "1-0"]
[WhiteElo "2112"]
[BlackElo "1913"]
[PlyCount "43"]
[EventDate "2013.??.??"]

1. e4 c6 2. d4 d5 3. f3 e6 4. Nc3 Bb4 5. Nge2 Ne7 6. a3 Bxc3+ 7. Nxc3 Ng6 8.
Be3 O-O 9. Qd2 Nd7 10. h4 dxe4 11. fxe4 h5 12. O-O-O Qa5 13. g4 Nf6 14. gxh5
Nxh5 15. Rg1 e5 16. Rg5 Nf6 17. h5 Nh7 18. Rxg6 fxg6 19. Bc4+ Kh8 20. hxg6 Rf6
21. Qh2 Rxg6 22. Rh1 1-0

[Event "SR 2. liga A 2013/2014"]
[Site "?"]
[Date "2014.03.15"]
[Round "10.1"]
[White "Hajtmanek, Stanislav"]
[Black "Klimes, Milan"]
[Result "1/2-1/2"]
[WhiteElo "1782"]
[BlackElo "1872"]
[PlyCount "62"]
[EventDate "2013.??.??"]

1. d4 Nf6 2. g3 c6 3. c4 g6 4. Nc3 Bg7 5. Bg2 O-O 6. Nf3 d5 7. cxd5 cxd5 8. O-O
Nc6 9. e3 Bf5 10. a3 Ne4 11. Nh4 Nxc3 12. bxc3 Qd7 13. Nxf5 gxf5 14. Qb3 e6 15.
Rb1 Na5 16. Qb4 b6 17. f3 Rac8 18. e4 Rc4 19. Qb5 Qxb5 20. Rxb5 Rxc3 21. exd5
Bxd4+ 22. Kh1 Rc5 23. Rxc5 Bxc5 24. dxe6 fxe6 25. Re1 Re8 26. Bh3 Kf7 27. g4
Nc4 28. gxf5 e5 29. Bg4 Kf6 30. h4 Kg7 31. Re4 Nd6 1/2-1/2

[Event "SR 2. liga A 2013/2014"]
[Site "?"]
[Date "2014.03.15"]
[Round "10.2"]
[White "Rohacek, Miroslav"]
[Black "Federic, Jozef"]
[Result "1-0"]
[WhiteElo "2246"]
[BlackElo "2269"]
[PlyCount "120"]
[EventDate "2013.??.??"]

1. e4 c5 2. Nf3 e6 3. d4 cxd4 4. Nxd4 Nf6 5. Nc3 d6 6. g4 h6 7. h4 Nc6 8. Rg1
Nd7 9. Be3 a6 10. g5 hxg5 11. hxg5 g6 12. Qd2 Nde5 13. O-O-O Rh7 14. Be2 Qc7
15. f4 Nxd4 16. Bxd4 Nc4 17. Bxc4 Qxc4 18. Be5 Bd7 19. Bxd6 Bxd6 20. Qxd6 O-O-O
21. Rd4 Qc7 22. Rgd1 Qxd6 23. Rxd6 Rhh8 24. e5 Bc6 25. Rxd8+ Rxd8 26. Rxd8+
Kxd8 27. b4 Kc7 28. Kd2 Kb6 29. Ke3 Bg2 30. Kd4 Kc6 31. a4 Bf3 32. Ke3 Bg4 33.
Ne4 Bf5 34. c4 Bxe4 35. Kxe4 a5 36. bxa5 Kc5 37. Kd3 Kb4 38. Kd4 Kxa5 39. Kc5
Kxa4 40. Kd6 Kb4 41. Ke7 Kxc4 42. Kxf7 b5 43. Kxe6 b4 44. Kf6 b3 45. e6 b2 46.
e7 b1=Q 47. e8=Q Qf5+ 48. Kg7 Qg4 49. Qxg6 Kb4 50. Qd6+ Ka4 51. g6 Qf5 52. Qe5
Qd7+ 53. Kh6 Qh3+ 54. Qh5 Qc3 55. g7 Qf6+ 56. Kh7 Qe7 57. f5 Qc7 58. f6 Qc2+
59. Kh8 Qf2 60. f7 Qd4 1-0

[Event "SR 2. liga A 2013/2014"]
[Site "?"]
[Date "2014.03.15"]
[Round "10.2"]
[White "Dugovic, Branislav"]
[Black "Kimerling, Martin"]
[Result "1/2-1/2"]
[WhiteElo "2175"]
[BlackElo "2109"]
[PlyCount "67"]
[EventDate "2013.??.??"]

1. Nf3 f5 2. g3 Nf6 3. Bg2 g6 4. O-O Bg7 5. d4 O-O 6. c4 d6 7. Nc3 Nc6 8. Nd5
e6 9. Nxf6+ Qxf6 10. Bg5 Qf7 11. Qd2 e5 12. d5 Nd8 13. Bh6 Qe7 14. Bg5 Qe8 15.
Bh6 Nf7 16. Bxg7 Kxg7 17. Rac1 b6 18. b4 Qe7 19. c5 Ba6 20. Rfe1 Rab8 21. Qc3
Rfc8 22. Bh3 bxc5 23. bxc5 dxc5 24. e4 Rd8 25. Qxc5 Qxc5 26. Rxc5 fxe4 27. Rxe4
Rb1+ 28. Re1 Rdb8 29. Rcc1 Bd3 30. Be6 Rxc1 31. Rxc1 Rb1 32. Rxb1 Bxb1 33. a3
e4 34. Nd4 1/2-1/2

[Event "SR 2. liga A 2013/2014"]
[Site "?"]
[Date "2014.03.15"]
[Round "10.2"]
[White "Padysak, Tomas"]
[Black "Mydlarik, Martin"]
[Result "1/2-1/2"]
[WhiteElo "2065"]
[BlackElo "2112"]
[PlyCount "46"]
[EventDate "2013.??.??"]

1. e4 e6 2. d3 d5 3. Nd2 dxe4 4. dxe4 Bc5 5. Ngf3 Nf6 6. Be2 Nc6 7. O-O e5 8.
Nc4 Qxd1 9. Bxd1 Nxe4 10. Ncxe5 Nxe5 11. Nxe5 Be6 12. Nd3 Be7 13. Re1 Nc5 14.
Nf4 O-O-O 15. Nxe6 Nxe6 16. Bg4 Bf6 17. c3 Rd6 18. Be3 Kb8 19. Rad1 Rhd8 20.
Rxd6 Rxd6 21. Rd1 Rxd1+ 22. Bxd1 Bg5 23. Bxg5 Nxg5 1/2-1/2

[Event "SR 2. liga A 2013/2014"]
[Site "?"]
[Date "2014.03.15"]
[Round "10.2"]
[White "Kundrak, Vladimir"]
[Black "Sahidi, Samir"]
[Result "0-1"]
[WhiteElo "1945"]
[BlackElo "1885"]
[PlyCount "109"]
[EventDate "2013.??.??"]

1. b3 c5 2. Bb2 d5 3. e3 Nc6 4. Bb5 Qc7 5. Nf3 a6 6. Bxc6+ Qxc6 7. O-O Nf6 8.
d3 g6 9. Nbd2 Bg7 10. Ne5 Qc7 11. f4 Ng4 12. Qf3 O-O 13. Rab1 Nxe5 14. Bxe5
Bxe5 15. fxe5 Qxe5 16. e4 Qc3 17. Qd1 Be6 18. exd5 Bxd5 19. Re1 e6 20. Ne4 Bxe4
21. Rxe4 b5 22. Qe2 Rad8 23. Qf2 Rd5 24. Rf4 f5 25. Re1 e5 26. Rf3 Qd4 27. Rfe3
b4 28. R3e2 Qxf2+ 29. Kxf2 Re8 30. Re3 Kf7 31. a4 Kf6 32. g3 h5 33. h4 Rd4 34.
R3e2 f4 35. gxf4 Rxf4+ 36. Kg3 Kf5 37. Re4 a5 38. R1e2 Kf6 39. Re1 Rf5 40. Rc4
Rc8 41. Ree4 g5 42. hxg5+ Kxg5 43. Re1 Kf6 44. Ree4 Ke6 45. Kh4 Kd5 46. Re2
Rcf8 47. Rg2 Rf4+ 48. Rxf4 exf4 49. Rf2 f3 50. Kg3 Kd4 51. Kh2 Ke3 52. Kg1 Rg8+
53. Kf1 Rg2 54. Rxg2 fxg2+ 55. Kxg2 0-1

[Event "SR 2. liga A 2013/2014"]
[Site "?"]
[Date "2014.03.15"]
[Round "10.2"]
[White "Vrtiakova, Anna"]
[Black "Sustak, Roman"]
[Result "1-0"]
[WhiteElo "1788"]
[BlackElo "1887"]
[PlyCount "117"]
[EventDate "2013.??.??"]

1. e4 e6 2. d4 d5 3. Nc3 Nf6 4. Bg5 Be7 5. e5 Nfd7 6. Bxe7 Qxe7 7. f4 a6 8. Nf3
c5 9. Be2 Nc6 10. Qd2 cxd4 11. Nxd4 Qb4 12. Nb3 b5 13. O-O Bb7 14. a3 Qe7 15.
Kh1 Rc8 16. Nd4 O-O 17. Rae1 Rfd8 18. Nxc6 Bxc6 19. Qd4 Qc5 20. Qxc5 Nxc5 21.
Bf3 d4 22. Nd1 a5 23. Bxc6 Rxc6 24. Re2 b4 25. axb4 axb4 26. Nf2 Rd5 27. Rd1 b3
28. Nd3 Nxd3 29. cxd3 Rdc5 30. Kg1 Rc1 31. Rxc1 Rxc1+ 32. Kf2 Rd1 33. Re4 Rd2+
34. Re2 Rxd3 35. Ke1 Kf8 36. Re4 Ke7 37. Ke2 Re3+ 38. Rxe3 dxe3 39. Kxe3 f6 40.
Kd4 Kd7 41. Kc3 Kc6 42. Kc4 fxe5 43. fxe5 g5 44. g4 h6 45. h3 Kb6 46. Kxb3 Kc5
47. Kc3 Kd5 48. b4 Kxe5 49. b5 Kf4 50. b6 Kg3 51. b7 Kxh3 52. b8=Q Kxg4 53. Qe5
h5 54. Qxe6+ Kg3 55. Qe3+ Kg4 56. Qe2+ Kh4 57. Kd3 g4 58. Qh2+ Kg5 59. Ke3 1-0

[Event "SR 2. liga A 2013/2014"]
[Site "?"]
[Date "2014.03.15"]
[Round "10.2"]
[White "Hlubovic, Michal"]
[Black "Suchansky, Jakub"]
[Result "0-1"]
[WhiteElo "1782"]
[BlackElo "1779"]
[PlyCount "102"]
[EventDate "2013.??.??"]

1. Nf3 Nf6 2. g3 b6 3. Bg2 Bb7 4. O-O e6 5. d3 Be7 6. Nbd2 O-O 7. e4 d6 8. Re1
Nbd7 9. h3 c5 10. c3 Qc7 11. Nf1 c4 12. dxc4 Bxe4 13. Bg5 Bb7 14. N1h2 Qxc4 15.
Ne5 Qc7 16. Nxd7 Qxd7 17. Bxf6 Bxf6 18. Bxb7 Qxb7 19. Qxd6 Rfd8 20. Qf4 Rd5 21.
Qf3 Rad8 22. Ng4 Qe7 23. Rad1 h5 24. Nxf6+ Qxf6 25. Qe2 Qf5 26. Kg2 g6 27. Rxd5
Qxd5+ 28. Qf3 Qxa2 29. Rd1 Rxd1 30. Qxd1 Qd5+ 31. Qxd5 exd5 32. Kf3 f6 33. Kf4
Kf7 34. g4 hxg4 35. hxg4 Ke6 36. g5 f5 37. Ke3 Ke5 38. f4+ Kd6 39. Kd4 a5 40.
c4 dxc4 41. Kxc4 Kc6 42. Kd4 b5 43. Ke5 a4 44. Kf6 b4 45. Kxg6 a3 46. bxa3 bxa3
47. Kh6 a2 48. g6 a1=Q 49. g7 Qf6+ 50. Kh7 Qh4+ 51. Kg6 Qxf4 0-1

[Event "SR 2. liga A 2013/2014"]
[Site "?"]
[Date "2014.03.15"]
[Round "10.2"]
[White "Macko, Peter"]
[Black "Petrakovic, Kamil"]
[Result "1-0"]
[WhiteElo "1768"]
[BlackElo "1828"]
[PlyCount "45"]
[EventDate "2013.??.??"]

1. e4 c5 2. Nc3 Nc6 3. f4 d6 4. Nf3 Nf6 5. Bc4 g6 6. O-O Bg7 7. d3 O-O 8. Qe1
Na5 9. Bb3 Nxb3 10. axb3 Bd7 11. Qh4 Bg4 12. f5 Bxf3 13. Rxf3 e6 14. Bg5 d5 15.
e5 Nd7 16. Bxd8 Rfxd8 17. f6 Bf8 18. Rh3 h6 19. Re1 a6 20. Qf4 Kh7 21. Ree3 d4
22. Rxh6+ Bxh6 23. Rh3 1-0

[Event "SR 2. liga A 2013/2014"]
[Site "?"]
[Date "2014.03.15"]
[Round "10.2"]
[White "Soldan, Jan"]
[Black "Macko, Miroslav"]
[Result "0-1"]
[WhiteElo "1771"]
[BlackElo "1699"]
[PlyCount "74"]
[EventDate "2013.??.??"]

1. e4 e5 2. Nf3 Nc6 3. Bc4 Nf6 4. d3 Bc5 5. c3 d5 6. exd5 Nxd5 7. O-O O-O 8. b4
Be7 9. Re1 Bg4 10. Nbd2 Nxc3 11. Qb3 b5 12. Qxc3 Bxb4 13. Bxf7+ Rxf7 14. Qxc6
Bxf3 15. Nxf3 Bxe1 16. Nxe1 Rb8 17. Be3 a5 18. Qe4 Qd6 19. Rc1 a4 20. Bc5 Qe6
21. Rc2 b4 22. Bxb4 Rf4 23. Qe3 Rfxb4 24. f3 Qb6 25. Kf2 Rb2 26. Rxb2 Qxe3+ 27.
Kxe3 Rxb2 28. a3 Kf7 29. h4 Ra2 30. g4 Ke6 31. f4 exf4+ 32. Kxf4 Rxa3 33. Ke4
Rc3 34. Nf3 a3 35. Nd4+ Ke7 36. Nb5 Rb3 37. Nd4 Rb4 0-1

[Event "SR 2. liga A 2013/2014"]
[Site "?"]
[Date "2014.03.15"]
[Round "10.3"]
[White "Dolnak, Michal"]
[Black "Takacs, Laszlo"]
[Result "0-1"]
[WhiteElo "2164"]
[BlackElo "2130"]
[PlyCount "38"]
[EventDate "2013.??.??"]

1. d4 Nf6 2. c4 g6 3. Nc3 d5 4. Nf3 Bg7 5. Bg5 Ne4 6. cxd5 Nxg5 7. Nxg5 e6 8.
Qa4+ Bd7 9. Qb3 Qxg5 10. Qxb7 O-O 11. e3 e5 12. dxe5 Bxe5 13. Qxa8 Qf6 14. Rc1
Qb6 15. Bd3 Na6 16. Qxf8+ Kxf8 17. b3 Qa5 18. Kd2 Nb4 19. Ke2 Bxc3 0-1

[Event "SR 2. liga A 2013/2014"]
[Site "?"]
[Date "2014.03.15"]
[Round "10.3"]
[White "Rachela, Jozef"]
[Black "Slacky, Stanislav"]
[Result "1/2-1/2"]
[WhiteElo "2078"]
[BlackElo "2208"]
[PlyCount "72"]
[EventDate "2013.??.??"]

1. d4 Nc6 2. g3 e5 3. d5 Nb8 4. Bg2 d6 5. c4 f5 6. Nc3 Be7 7. e4 Nf6 8. Nge2
O-O 9. O-O a5 10. Qc2 fxe4 11. Nxe4 Bf5 12. N2c3 Na6 13. Qe2 Nxe4 14. Nxe4 Qd7
15. Be3 Rae8 16. Qd2 b6 17. a3 a4 18. Nc3 Ra8 19. Rae1 Nc5 20. Bxc5 bxc5 21.
Nb5 h6 22. Qe2 Bg5 23. h4 Bf6 24. Kh2 Rf7 25. Be4 Raf8 26. Qh5 g6 27. Bxf5 Qxf5
28. Qxf5 gxf5 29. Nc3 Ra8 30. Kh3 h5 31. Re2 Kg7 32. f3 Rff8 33. Rc1 Rh8 34.
Nb5 Rac8 35. Nc3 Ra8 36. Nb5 Rac8 1/2-1/2